[Event "2nd Washington Int"]
[Site "Rockville USA"]
[Date "2013.08.06"]
[Round "2.10"]
[White "Barron, Michael"]
[Black "Sundararajan, Kidambi"]
[Result "0-1"]
[WhiteTitle "FM"]
[BlackTitle "GM"]
[WhiteElo "2177"]
[BlackElo "2458"]
[WhiteFideId "2605120"]
[BlackFideId "5005370"]
[EventDate "2013.08.06"]

1. e4 c6 2. d4 d5 3. Nd2 dxe4 4. Nxe4 Nd7 5. Nf3 Ngf6 6. Ng3 e6 7. Bc4 Bd6 8.
O-O O-O 9. Qe2 Qc7 10. Bb3 c5 11. c3 b6 12. Re1 Bb7 13. Ne5 cxd4 14. cxd4 Bd5
15. Bxd5 Nxd5 16. Bd2 N7f6 17. Rac1 Qb7 18. Ne4 Nxe4 19. Qxe4 Rac8 20. Nc4 Be7
21. Ne3 Rcd8 22. a3 Bf6 23. Ng4 Qd7 24. Ne5 Qb5 25. Rc2 Qa4 26. Rc4 Qb3 27. Qc2
Qxc2 28. Rxc2 Rfe8 29. Rec1 h5 30. Kf1 Ne7 31. Be3 Nf5 32. Rc7 Nxd4 33. Nd7 Nb5
34. Nxf6+ gxf6 35. Rb7 Rb8 36. Rd7 Rbc8 37. a4 Rxc1+ 38. Bxc1 Rc8 39. Bf4 Rc4
40. axb5 Rxf4 41. Rxa7 Rb4 42. Ra2 Rxb5 43. Ke2 Kg7 44. Kd3 Kg6 45. Kc4 Rc5+ 46.
Kd3 h4 47. Ra4 Rg5 48. Rxh4 Rxg2 49. Ke3 Rg5 50. Rb4 b5 51. Rd4 Rc5 52. Kd3 e5
53. Rd7 f5 54. Rb7 f6 55. Rb6 f4 56. h4 Rd5+ 57. Ke4 Rd2 58. Kf3 Rxb2 59. Kg4
Rxf2 60. h5+ Kg7 61. Kf5 f3 62. h6+ Kxh6 63. Rxf6+ Kg7 64. Rg6+ Kf7 65. Rf6+ Ke7
66. Re6+ Kd7 67. Rxe5 Kc6 68. Kf4 Re2 69. Rf5 f2 70. Kg3 b4 0-1

[Event "2nd Washington Int"]
[Site "Rockville USA"]
[Date "2013.08.06"]
[Round "2.11"]
[White "Sarkar, Justin"]
[Black "Chiang, Jonathan"]
[Result "1-0"]
[WhiteTitle "IM"]
[BlackTitle "FM"]
[WhiteElo "2437"]
[BlackElo "2165"]
[WhiteFideId "2010011"]
[BlackFideId "2010801"]
[EventDate "2013.08.06"]

1. d4 Nf6 2. c4 c5 3. d5 b5 4. cxb5 a6 5. bxa6 g6 6. Nc3 Bxa6 7. e4 Bxf1 8. Kxf1
d6 9. g3 Bg7 10. Kg2 O-O 11. Nf3 Nbd7 12. a4 Ng4 13. Qe2 Qa5 14. Nd2 Ngf6 15.
Nc4 Qa6 16. Nb5 Nb6 17. Nxb6 Qxb6 18. Bg5 h6 19. Bxf6 Bxf6 20. Ra2 Ra5 21. b3
Qb7 22. Rd2 Rb8 23. h4 Kg7 24. f4 Rxb5 25. axb5 Qxb5 26. e5 1-0

[Event "2nd Washington Int"]
[Site "Rockville USA"]
[Date "2013.08.06"]
[Round "2.12"]
[White "Chiang, Sarah"]
[Black "Hunt, Adam C"]
[Result "1/2-1/2"]
[WhiteTitle "WFM"]
[BlackTitle "IM"]
[WhiteElo "2067"]
[BlackElo "2430"]
[WhiteFideId "2010810"]
[BlackFideId "403970"]
[EventDate "2013.08.06"]

1. d4 Nf6 2. c4 g6 3. Nc3 Bg7 4. e4 d6 5. Nf3 O-O 6. Be2 e5 7. d5 a5 8. Bg5 Na6
9. Nd2 Qe8 10. O-O Kh8 11. a3 Bd7 12. b4 axb4 13. axb4 Nxb4 14. Qb3 c5 15. dxc6
Nxc6 16. Qxb7 Rb8 17. Qa6 Qe6 18. Nb5 Rfc8 19. Qa3 Ne8 20. Rfd1 f6 21. Be3 f5
22. f3 Nd4 23. Nxd4 exd4 24. Bf2 d3 25. Qxd3 Bxa1 26. Rxa1 Ra8 27. Qc3+ Kg8 28.
Re1 f4 29. c5 Qf7 30. Nc4 Rab8 31. Qd2 Rc6 32. Nb6 Be6 33. Bb5 Rxc5 34. Bxc5
dxc5 35. Bxe8 Rxe8 36. Qd6 c4 37. Rc1 g5 38. h3 Qe7 39. Qe5 Bf7 40. Qb5 Qe5 41.
Nd5 Bxd5 42. Qxd5+ Qxd5 43. exd5 Rc8 44. d6 Kf7 45. d7 Rd8 46. Rxc4 Rxd7 1/2-1/2

[Event "2nd Washington Int"]
[Site "Rockville USA"]
[Date "2013.08.06"]
[Round "2.13"]
[White "Troff, Kayden W"]
[Black "Arias, Mario"]
[Result "1/2-1/2"]
[WhiteTitle "IM"]
[WhiteElo "2428"]
[BlackElo "2159"]
[WhiteFideId "2047896"]
[BlackFideId "3800660"]
[EventDate "2013.08.06"]

1. d4 Nf6 2. c4 g6 3. Nc3 Bg7 4. e4 d6 5. Nf3 O-O 6. Be2 e5 7. O-O Na6 8. Be3
Ng4 9. Bg5 Qe8 10. h3 exd4 11. Nd5 f6 12. Bh4 Nh6 13. Nxd4 Qxe4 14. Nf3 Qe8 15.
c5 Qd8 16. Bxa6 bxa6 17. cxd6 cxd6 18. Nxf6+ Bxf6 19. Qd5+ Be6 20. Qxe6+ Kg7 21.
Bxf6+ Qxf6 22. Qd5 Rab8 23. Rac1 Rb5 24. Qd4 Rxb2 25. Qxa7+ Nf7 26. Qxa6 Ne5 27.
Nxe5 dxe5 28. Rc7+ Rf7 29. Qxf6+ Kxf6 30. Rxf7+ Kxf7 31. Ra1 Rb5 32. a4 Ra5 33.
Kf1 Ke6 34. Ke2 Kd5 35. Kd3 Kc5 36. Ke4 Kd6 37. Ra2 Ke6 38. Kd3 Kd5 39. Kc3 Kc5
40. Kb3 Kb6 41. Rd2 e4 42. Rd6+ Kc7 43. Rf6 Rg5 44. g4 h5 45. Rf4 Re5 46. Rf7+
Kb8 47. Kc4 e3 48. fxe3 Rxe3 49. g5 Rxh3 50. Rg7 Rg3 51. Rxg6 h4 52. Kc5 h3 53.
Kb6 Rb3+ 54. Ka6 h2 55. Rh6 Rg3 56. Rh8+ Kc7 57. Rxh2 Rxg5 58. Rb2 Rg4 59. a5
Rg5 60. Rb7+ Kc8 61. Rb6 Kc7 62. Rh6 Rf5 63. Rh1 Rg5 64. Rc1+ Kb8 65. Rc6 Rh5
66. Kb6 Rh1 67. Rg6 Rb1+ 68. Ka6 Ra1 69. Rg7 Ra2 70. Rb7+ Ka8 71. Rb1 Rh2 72.
Rb2 Rxb2 1/2-1/2

[Event "2nd Washington Int"]
[Site "Rockville USA"]
[Date "2013.08.08"]
[Round "2.14"]
[White "Li, Ruifeng"]
[Black "Abreu Delgado, Aryam"]
[Result "1/2-1/2"]
[WhiteTitle "CM"]
[BlackTitle "GM"]
[WhiteElo "2246"]
[BlackElo "2483"]
[WhiteFideId "2061074"]
[BlackFideId "3502589"]
[EventDate "2013.08.06"]

1. e4 c5 2. Nf3 d6 3. d4 cxd4 4. Nxd4 Nf6 5. Nc3 a6 6. Be3 Ng4 7. Bc1 Nf6 8. Be3
Ng4 9. Bc1 Nc6 10. h3 Nge5 11. Be3 e6 12. Be2 Be7 13. O-O O-O 14. f4 Ng6 15.
Nxc6 bxc6 16. Na4 Rb8 17. c4 c5 18. Qc2 Bb7 19. Nc3 Qc7 20. Rad1 Bf6 21. Bg4
Bxc3 22. bxc3 Qc6 23. Bc1 f5 24. exf5 exf5 25. Bf3 Qc7 26. Bd5+ Kh8 27. Rfe1 Bc8
28. Re2 Bd7 29. Rde1 Rbe8 30. Rxe8 Bxe8 31. Qe2 Bd7 32. Qd3 1/2-1/2

[Event "2nd Washington Int"]
[Site "Rockville USA"]
[Date "2013.08.06"]
[Round "2.15"]
[White "Yang, Darwin"]
[Black "Kane, Jeremy"]
[Result "1/2-1/2"]
[WhiteTitle "IM"]
[WhiteElo "2480"]
[BlackElo "2196"]
[WhiteFideId "2029111"]
[BlackFideId "2027852"]
[EventDate "2013.08.06"]

1. d4 d5 2. c4 e6 3. Nc3 Be7 4. Bf4 Nf6 5. e3 O-O 6. Qc2 c5 7. dxc5 Qa5 8. a3
Bxc5 9. Rd1 Be7 10. Nf3 Nc6 11. Nd2 e5 12. Bg5 d4 13. Nb3 Qd8 14. Be2 Be6 15.
exd4 Nxd4 16. Nxd4 exd4 17. Nb5 Qb6 18. O-O Rfd8 19. b4 Rd7 20. Qb2 d3 21. Rxd3
Bxc4 22. Rxd7 Nxd7 23. Bxc4 Bxg5 24. Rd1 Qf6 25. Qe2 Ne5 26. Bd5 Rd8 27. Nxa7
Ng6 28. g3 Qb6 29. Nb5 Bf6 30. a4 Qa6 31. Qa2 Kf8 32. Rc1 Bg5 33. Rc2 Qf6 34.
Be4 Ne5 35. Kg2 g6 36. Re2 Nc6 37. Qc4 Nd4 38. Nxd4 Qxd4 39. Qb5 Bd2 40. Bxb7
Qxb4 41. Qxb4+ Bxb4 42. Rb2 Rd4 43. Bc6 f5 44. Kf3 Ke7 45. Bb5 Ba5 46. Rc2 Rd2
47. Rxd2 Bxd2 48. h4 h6 49. Ke2 Ba5 50. f3 Kf6 51. Be8 g5 52. h5 g4 1/2-1/2

[Event "2nd Washington Int"]
[Site "Rockville USA"]
[Date "2013.08.06"]
[Round "2.17"]
[White "Garcia, Gildardo"]
[Black "Uesugi, Shinsaku"]
[Result "1-0"]
[WhiteTitle "GM"]
[BlackTitle "FM"]
[WhiteElo "2393"]
[BlackElo "2292"]
[WhiteFideId "4400020"]
[BlackFideId "2024578"]
[EventDate "2013.08.06"]

1. e4 c5 2. Nf3 g6 3. c3 Nf6 4. e5 Nd5 5. d4 cxd4 6. cxd4 Bg7 7. Qb3 Nb6 8. Nc3
d6 9. Bb5+ Bd7 10. e6 fxe6 11. Qxe6 Nc6 12. Qe4 O-O 13. O-O Rxf3 14. Qxf3 Nxd4
15. Qd1 Nxb5 16. Qb3+ Kh8 17. Nxb5 Qg8 18. Nxa7 Qxb3 19. axb3 Nc8 20. Be3 Bxb2
21. Rab1 Bf6 22. Nxc8 Bxc8 23. Rfd1 Bf5 24. Rbc1 Ra3 25. b4 Rb3 26. Bd4 Kg7 27.
Bxf6+ Kxf6 28. Rd4 b5 29. Re1 h5 30. h4 Kf7 31. f3 Bd3 32. Re3 Rb1+ 33. Kh2 Bc4
34. Rf4+ Ke8 35. Rf6 d5 36. Rfe6 d4 37. Rxe7+ Kf8 38. Re8+ Kf7 39. R3e7+ Kf6 40.
Re4 Kf7 41. g4 hxg4 42. fxg4 Bd5 43. R4e7+ Kf6 44. g5+ 1-0

[Event "2nd Washington Int"]
[Site "Rockville USA"]
[Date "2013.08.06"]
[Round "2.18"]
[White "Rohonyan, Katerina"]
[Black "Neimer, Vitaly"]
[Result "0-1"]
[WhiteTitle "WGM"]
[BlackTitle "IM"]
[WhiteElo "2299"]
[BlackElo "2379"]
[WhiteFideId "14107503"]
[BlackFideId "2807017"]
[EventDate "2013.08.06"]

1. e4 c5 2. Nf3 e6 3. Nc3 a6 4. g3 b5 5. Bg2 Bb7 6. Qe2 d6 7. d4 cxd4 8. Nxd4
Be7 9. O-O b4 10. Na4 Nf6 11. a3 bxa3 12. e5 Bxg2 13. exf6 Bxf1 14. fxe7 Qa5 15.
Qe4 Bc4 16. b3 Qe5 17. Qxe5 dxe5 18. Nf3 Be2 19. Nxe5 f6 20. Nc3 Bb5 21. Rxa3
Bc6 22. Nc4 Kxe7 23. Ra5 Nd7 24. Ba3+ Kf7 25. f4 Rhb8 26. Kf2 Kg6 27. h4 h5 28.
Bd6 Rb7 29. Ra1 Bb5 30. Na5 Rb6 31. Bc7 Rc8 32. Bxb6 Rxc3 33. Ba7 Rxc2+ 34. Kg1
Kf5 35. Nc4 Bxc4 36. bxc4 e5 37. Rd1 Ke6 38. f5+ Ke7 39. Ra1 Rxc4 40. Rxa6 e4
41. Kf2 Ne5 42. Bb8 Ng4+ 43. Ke2 Kf7 44. Ra7+ Kg8 45. Bf4 Rc2+ 46. Kd1 Rc5 47.
Re7 Rxf5 48. Ke2 g5 49. hxg5 fxg5 50. Be3 Nxe3 51. Kxe3 Rf3+ 52. Kxe4 Rxg3 53.
Kf5 h4 54. Kf6 Kf8 55. Rh7 Ke8 0-1

[Event "2nd Washington Int"]
[Site "Rockville USA"]
[Date "2013.08.06"]
[Round "2.19"]
[White "Sevian, Samuel"]
[Black "Thompson, Ian D"]
[Result "1-0"]
[WhiteTitle "FM"]
[BlackTitle "FM"]
[WhiteElo "2388"]
[BlackElo "2260"]
[WhiteFideId "2040506"]
[BlackFideId "405205"]
[EventDate "2013.08.06"]

1. e4 e6 2. d4 d5 3. Nc3 Nf6 4. Bg5 dxe4 5. Nxe4 Be7 6. Bxf6 Bxf6 7. Nf3 O-O 8.
Qd2 Nd7 9. O-O-O Be7 10. Bd3 c5 11. h4 cxd4 12. Rh3 f5 13. Neg5 Nb6 14. Kb1 Qd6
15. Rg3 Bf6 16. Re1 e5 17. Qe2 h6 18. Ne4 fxe4 19. Qxe4 Re8 20. Ng5 hxg5 21.
hxg5 Bxg5 22. Rxg5 Qh6 23. Rg6 Qh2 24. g3 Re7 25. Rh1 Qxf2 26. Rf1 Bf5 27. Qh4
Qxf1+ 28. Bxf1 Bxg6 29. Qxe7 Rf8 30. Bh3 Re8 31. Be6+ Kh8 32. Qh4+ Bh7 33. Bf5 1-0

[Event "2nd Washington Int"]
[Site "Rockville USA"]
[Date "2013.08.06"]
[Round "2.20"]
[White "Paikidze, Nazi"]
[Black "Williams, Justus D"]
[Result "1-0"]
[WhiteTitle "IM"]
[WhiteElo "2377"]
[BlackElo "2251"]
[WhiteFideId "13603620"]
[BlackFideId "2049929"]
[EventDate "2013.08.06"]

1. e4 c5 2. b3 d6 3. Bb2 Nd7 4. Nc3 Ngf6 5. f4 e6 6. Nf3 Be7 7. e5 Ng4 8. Qe2 d5
9. O-O-O Nh6 10. g4 Nxg4 11. Bh3 Nh6 12. f5 Nb6 13. Qg2 g6 14. d4 c4 15. f6 Bf8
16. Kb1 Bd7 17. Nd2 Qc7 18. Qe2 Rc8 19. Qe3 Ng8 20. Nf3 a5 21. a4 Rb8 22. Bf1
Bb4 23. h4 h5 24. Bh3 Nc8 25. Nxd5 exd5 26. e6 fxe6 27. Bxe6 Bxe6 28. Qxe6+ Kd8
29. f7 Nge7 30. Qf6 Rf8 31. Ng5 1-0

[Event "2nd Washington Int"]
[Site "Rockville USA"]
[Date "2013.08.06"]
[Round "2.21"]
[White "Adu, Oladapo"]
[Black "Kaufman, Larry C"]
[Result "1/2-1/2"]
[WhiteTitle "IM"]
[BlackTitle "GM"]
[WhiteElo "2199"]
[BlackElo "2332"]
[WhiteFideId "8500258"]
[BlackFideId "2000555"]
[EventDate "2013.08.06"]

1. Nf3 Nf6 2. d4 g6 3. Bg5 Bg7 4. e3 O-O 5. Be2 c5 6. O-O b6 7. c3 Bb7 8. Nbd2
d6 9. Re1 Nbd7 10. a4 a6 11. h3 Re8 12. Bh4 Qc7 13. Bg3 Rad8 14. Qb3 Qc8 15. Ng5
d5 16. f4 e6 17. Bh4 Qb8 18. Rf1 Rc8 19. Ngf3 cxd4 20. cxd4 Qc7 21. Bd3 Ne4 22.
Rad1 f6 23. Be1 Bf8 24. g4 Kg7 25. h4 Bd6 26. Kg2 Rf8 27. Ng1 e5 28. f5 exd4 29.
exd4 Rce8 30. Ne2 Qb8 31. Qc2 Rc8 32. Qb1 Rfe8 33. Rf3 Re7 34. Nf1 Rce8 35. Qc2
Rc8 36. Qb1 Rce8 37. Qc2 Rc8 38. Qb1 1/2-1/2

[Event "2nd Washington Int"]
[Site "Rockville USA"]
[Date "2013.08.06"]
[Round "2.25"]
[White "Prathiba, Yuvarajan"]
[Black "Adithya, B."]
[Result "1/2-1/2"]
[WhiteTitle "WIM"]
[WhiteElo "2174"]
[BlackElo "2311"]
[WhiteFideId "5009871"]
[BlackFideId "5020506"]
[EventDate "2013.08.06"]

1. e4 e5 2. Nf3 Nc6 3. Bb5 a6 4. Ba4 Nf6 5. O-O Be7 6. Re1 b5 7. Bb3 d6 8. c3
O-O 9. h3 Na5 10. Bc2 c5 11. d3 Re8 12. Nbd2 Bf8 13. Nf1 Bb7 14. Bg5 h6 15. Be3
d5 16. exd5 Nxd5 17. Bd2 Nf4 18. Bxf4 exf4 19. Rxe8 Qxe8 20. N1d2 Rd8 21. Qf1
Qe6 22. d4 g6 23. dxc5 Bg7 24. Qe1 Qc8 25. Qe2 Re8 26. Qd3 Rd8 27. Qe2 Qxc5 28.
Re1 b4 29. Ne4 Qb6 30. Rd1 bxc3 31. bxc3 Bd5 32. Bd3 f5 33. Ned2 Bxc3 34. Nc4
Qe6 35. Nxa5 Bxa5 36. Bxa6 Qxe2 37. Bxe2 Kg7 38. a4 Kf6 39. Nd4 Ke5 40. Bf3 Bb6
41. Nc6+ Bxc6 42. Rxd8 Bxd8 43. Bxc6 g5 44. g3 Bb6 1/2-1/2

[Event "2nd Washington Int"]
[Site "Rockville USA"]
[Date "2013.08.06"]
[Round "2.26"]
[White "Homa, Seth"]
[Black "Busygin, Stanislav"]
[Result "1-0"]
[WhiteTitle "FM"]
[WhiteElo "2311"]
[BlackElo "2141"]
[WhiteFideId "2031779"]
[BlackFideId "2007029"]
[EventDate "2013.08.06"]

1. c4 Nf6 2. Nc3 g6 3. e4 d6 4. d4 Bg7 5. f3 O-O 6. Be3 Nbd7 7. Nh3 c5 8. d5 a6
9. a4 Ne8 10. Be2 Rb8 11. O-O Nc7 12. Qd2 Nb6 13. Nf2 Bd7 14. f4 Qe8 15. a5 Na4
16. Nxa4 Bxa4 17. e5 b5 18. axb6 Na8 19. b4 dxe5 20. bxc5 exf4 21. Bxf4 e5 22.
Bh6 1-0

[Event "2nd Washington Int"]
[Site "Rockville USA"]
[Date "2013.08.08"]
[Round "2.27"]
[White "Piasetski, Leon"]
[Black "Martin Del Campo C., Jorge"]
[Result "1/2-1/2"]
[WhiteTitle "IM"]
[BlackTitle "FM"]
[WhiteElo "2286"]
[BlackElo "2135"]
[WhiteFideId "2600072"]
[BlackFideId "5101034"]
[EventDate "2013.08.06"]

1. Nf3 c5 2. c4 Nc6 3. Nc3 e5 4. e3 Nf6 5. Be2 Be7 6. d4 d6 7. d5 Nb8 8. e4 Bg4
9. O-O O-O 10. Ne1 Bxe2 11. Qxe2 Ne8 12. g3 Nd7 13. Nd3 g6 14. Bh6 Ng7 15. f4
Bf6 16. Qd2 exf4 17. gxf4 Bd4+ 18. Kh1 f5 19. Rae1 Re8 20. Bxg7 Bxg7 21. exf5
gxf5 22. Nb5 Nf6 23. Rxe8+ Nxe8 24. Qe2 Qf6 25. Re1 a6 26. Qh5 Qg6 27. Qxg6 hxg6
28. Nc3 Kf7 29. Re6 Bxc3 30. bxc3 Rd8 31. a4 Nc7 32. Re2 b5 33. axb5 axb5 34.
cxb5 Nxb5 35. c4 Nd4 36. Ra2 Rd7 37. Ra6 Nc2 38. Nf2 Ne3 39. Nh3 Nxc4 40. Ng5+
Ke7 41. Ra8 Rb7 42. Rg8 Rb1+ 43. Kg2 Ne3+ 44. Kg3 Nxd5 45. Rg7+ Kd8 46. Rxg6 Kd7
47. Rg7+ Kc6 48. Ne6 Re1 49. Nd8+ Kb5 50. Kf2 Re4 51. Rb7+ Kc4 52. Nf7 Rxf4+ 53.
Kg3 Rg4+ 54. Kf3 Rf4+ 55. Kg3 Rg4+ 56. Kf3 Rf4+ 1/2-1/2

[Event "2nd Washington Int"]
[Site "Rockville USA"]
[Date "2013.08.07"]
[Round "3.2"]
[White "Corrales Jimenez, Fidel"]
[Black "Sarkar, Justin"]
[Result "1-0"]
[BlackTitle "IM"]
[WhiteElo "2598"]
[BlackElo "2437"]
[WhiteFideId "3506690"]
[BlackFideId "2010011"]
[EventDate "2013.08.06"]

1. e4 c5 2. Nf3 d6 3. d4 Nf6 4. Nc3 cxd4 5. Nxd4 a6 6. Be3 e5 7. Nf3 Qc7 8. a4
h6 9. a5 Be6 10. Nd5 Nxd5 11. exd5 Bf5 12. c4 Nd7 13. Be2 g5 14. Nd2 Be7 15. b4
Bg6 16. Rc1 f5 17. Bh5 Bxh5 18. Qxh5+ Kf8 19. O-O Kg7 20. Qe2 Nf6 21. Rfd1 Qd7
22. Bb6 Rhe8 23. Nb3 g4 24. c5 f4 25. cxd6 Bxd6 26. Nc5 Qf7 27. Ne6+ Rxe6 28.
dxe6 Qxe6 29. Bc7 Rc8 30. Bxd6 Rxc1 31. Rxc1 Qxd6 32. Qc4 Kg6 33. Qc5 Qe6 34.
Re1 e4 35. Qc7 Qf5 36. Qxb7 e3 37. Qxa6 exf2+ 38. Kxf2 g3+ 39. Kg1 f3 40. gxf3
Qxf3 41. Qe2 gxh2+ 42. Qxh2 Kf7 43. Qa2+ Kf8 44. Rf1 Qg4+ 45. Qg2 Qd4+ 46. Qf2
Qg4+ 47. Kh2 Qh5+ 48. Kg2 Qg5+ 49. Qg3 Qd2+ 50. Rf2 Qd5+ 51. Qf3 Qg5+ 52. Kh3 1-0

[Event "2nd Washington Int"]
[Site "Rockville USA"]
[Date "2013.08.07"]
[Round "3.3"]
[White "Legky, Nikolay A"]
[Black "Kekelidze, Mikheil"]
[Result "1/2-1/2"]
[WhiteTitle "GM"]
[BlackTitle "GM"]
[WhiteElo "2369"]
[BlackElo "2470"]
[WhiteFideId "14100312"]
[BlackFideId "13600818"]
[EventDate "2013.08.06"]

1. b3 d5 2. Bb2 Bg4 3. f3 Bh5 4. Nh3 f6 5. d4 e5 6. e3 Bb4+ 7. Nc3 c6 8. a3 Bd6
9. e4 exd4 10. Qxd4 Be5 11. Qd2 Ne7 12. Nf4 Bf7 13. exd5 cxd5 14. O-O-O Bxf4 15.
Qxf4 O-O 16. Nb5 Nbc6 17. Qc7 Qxc7 18. Nxc7 Rac8 19. Nb5 Rfd8 20. Bd3 Bg6 21.
Bxg6 hxg6 22. Nd4 Kf7 23. Rd2 a6 24. Rhd1 g5 25. h3 Rd7 26. Kb1 Rh8 27. Ne2 Rhd8
28. Bd4 Nxd4 29. Nxd4 Rc8 30. Kb2 Rd6 31. b4 Rd7 32. Nb3 Rdc7 33. Nc5 a5 34. Na4
axb4 35. axb4 Rc4 36. Kb3 R4c6 37. b5 Re6 38. Nc3 Re3 39. Rd3 d4 40. Rxe3 dxe3
41. Rd3 Ng6 42. Rxe3 Nf4 43. g3 Ne6 44. Kb4 Nd4 45. Rd3 Nxc2+ 46. Kb3 Ne1 47.
Re3 Re8 48. Ne4 Kg6 49. Rxe1 f5 50. Kc4 fxe4 51. fxe4 g4 52. hxg4 Re5 53. Rd1
Rxe4+ 54. Rd4 Re5 55. b6 Re6 56. Kc5 Rc6+ 57. Kb5 Rc3 58. Rd7 Rb3+ 59. Kc5 Rc3+
60. Kd5 Rd3+ 61. Ke6 Rxg3 62. Rxb7 Rxg4 63. Rc7 Rb4 64. b7 Kh6 65. Kd7 g5 66.
Rc6+ Kh5 67. Kc7 Rxb7+ 68. Kxb7 g4 69. Kc7 g3 70. Kd6 g2 1/2-1/2

[Event "2nd Washington Int"]
[Site "Rockville USA"]
[Date "2013.08.07"]
[Round "3.4"]
[White "Quesada Perez, Yuniesky"]
[Black "Thavandiran, Shiyam"]
[Result "1/2-1/2"]
[WhiteTitle "GM"]
[BlackTitle "FM"]
[WhiteElo "2636"]
[BlackElo "2357"]
[WhiteFideId "3504409"]
[BlackFideId "2605058"]
[EventDate "2013.08.06"]

1. e4 e6 2. d4 d5 3. Nc3 Bb4 4. e5 Ne7 5. a3 Bxc3+ 6. bxc3 b6 7. Qg4 Ng6 8. h4
h5 9. Qd1 Qd7 10. Be2 Ba6 11. Bxh5 Qb5 12. Nh3 Qc4 13. Bxg6 fxg6 14. Qd3 Rxh4
15. Qxc4 Bxc4 16. f3 Nc6 17. Kf2 Na5 18. Be3 Rh8 19. Ng5 Ke7 20. Nh7 Bb5 21.
Bg5+ Kf7 22. Rh4 Ba4 23. Rah1 Bxc2 24. Rf4+ Kg8 25. Rfh4 Kf7 26. Rf4+ Kg8 27.
Rfh4 1/2-1/2

[Event "2nd Washington Int"]
[Site "Rockville USA"]
[Date "2013.08.07"]
[Round "3.5"]
[White "Neimer, Vitaly"]
[Black "Fridman, Daniel"]
[Result "1/2-1/2"]
[WhiteTitle "IM"]
[BlackTitle "GM"]
[WhiteElo "2379"]
[BlackElo "2634"]
[WhiteFideId "2807017"]
[BlackFideId "11600454"]
[EventDate "2013.08.06"]

1. e4 e6 2. d4 d5 3. Nd2 c5 4. Ngf3 cxd4 5. exd5 Qxd5 6. Bc4 Qd7 7. O-O Nc6 8.
Nb3 Nf6 9. Nbxd4 Nxd4 10. Qxd4 Qxd4 11. Nxd4 Bd7 12. c3 Rc8 13. Bb3 Bc5 14. Rd1
Ke7 15. h3 Rhd8 16. Be3 h6 17. Nc2 a5 18. Bxc5+ Rxc5 19. a4 Rc6 20. Ne3 Rb6 21.
Ra3 Rc8 22. Rd4 Rc5 23. Kf1 Bc6 24. Nc4 Ra6 25. Ne3 Rb6 26. Rc4 Nd7 27. Rd4 Nf6 1/2-1/2

[Event "2nd Washington Int"]
[Site "Rockville USA"]
[Date "2013.08.07"]
[Round "3.6"]
[White "Mulyar, Michael A."]
[Black "Molner, Mackenzie"]
[Result "1-0"]
[WhiteTitle "IM"]
[BlackTitle "IM"]
[WhiteElo "2389"]
[BlackElo "2506"]
[WhiteFideId "2008742"]
[BlackFideId "2021722"]
[EventDate "2013.08.06"]

1. d4 Nf6 2. Nf3 g6 3. c4 Bg7 4. g3 d5 5. cxd5 Nxd5 6. Bg2 Nb6 7. O-O Nc6 8. e3
O-O 9. Nc3 Re8 10. a3 a5 11. d5 Ne5 12. Nd4 a4 13. Qc2 Bd7 14. Bd2 Nec4 15. Nce2
Nxd2 16. Qxd2 Nc4 17. Qc2 Nd6 18. Rac1 Rc8 19. Rfd1 Nf5 20. Nc6 bxc6 21. dxc6
Rb8 22. cxd7 Rf8 23. Nc3 Nd6 24. Qxa4 Rxb2 25. Nd5 Nb5 26. Nb4 Nd6 27. Qc6 Rb3
28. Qxc7 Rxa3 29. Qxd8 Rxd8 30. Rc7 Bf6 31. Nc6 Rc3 32. Ra7 1-0

[Event "2nd Washington Int"]
[Site "Rockville USA"]
[Date "2013.08.07"]
[Round "3.7"]
[White "Ludwig, Daniel"]
[Black "Garcia, Gildardo"]
[Result "1/2-1/2"]
[WhiteTitle "IM"]
[BlackTitle "GM"]
[WhiteElo "2479"]
[BlackElo "2393"]
[WhiteFideId "2024322"]
[BlackFideId "4400020"]
[EventDate "2013.08.06"]

1. d4 d5 2. c4 e6 3. Nf3 Nf6 4. Bg5 Nbd7 5. Nc3 c6 6. e3 Qa5 7. cxd5 Nxd5 8. Qd2
Bb4 9. Rc1 Nxc3 10. bxc3 Ba3 11. Rb1 f6 12. Bh4 Nb6 13. Bd3 Bd7 14. O-O c5 15.
Bg3 Rc8 16. Be4 Bc6 17. Bxc6+ bxc6 18. Qc2 O-O 19. Nd2 cxd4 20. cxd4 c5 21. dxc5
Rxc5 22. Qb3 Qxd2 23. Qxa3 Ra5 24. Qe7 Qd7 25. Qxd7 Nxd7 26. Rfd1 Nb6 27. Bc7
Rxa2 28. Bxb6 axb6 29. Rxb6 e5 1/2-1/2

[Event "2nd Washington Int"]
[Site "Rockville USA"]
[Date "2013.08.07"]
[Round "3.8"]
[White "Hunt, Adam C"]
[Black "Shetty, Atulya"]
[Result "1/2-1/2"]
[WhiteTitle "IM"]
[BlackTitle "FM"]
[WhiteElo "2430"]
[BlackElo "2341"]
[WhiteFideId "403970"]
[BlackFideId "2031213"]
[EventDate "2013.08.06"]

1. e4 e6 2. d4 d5 3. Nc3 Nf6 4. Bg5 Be7 5. e5 Nfd7 6. h4 Nc6 7. Nf3 Nb6 8. Qd2
Bd7 9. O-O-O h6 10. Bxe7 Qxe7 11. h5 O-O-O 12. Nh4 Be8 13. f4 f6 14. Nf3 g6 15.
exf6 Qxf6 16. b3 gxh5 17. Bb5 Ne7 18. Bxe8 Rdxe8 19. Rxh5 Rhg8 20. Rdh1 Nf5 21.
Ne5 Rg3 22. a4 Reg8 23. R1h2 Qe7 24. Nb1 Kb8 25. a5 Nd7 26. a6 Nxe5 27. fxe5
R8g4 28. Rxf5 exf5 29. Rxh6 bxa6 30. Kb2 Rxg2 31. Qa5 Rxd4 32. Qxa6 Qxe5 33. Nc3
Rb4 34. Re6 Qh8 35. Qc6 Rg8 36. Re7 Rc8 37. Qxd5 f4 38. Rd7 Qf6 39. Rf7 Qd4 40.
Qc6 Rb6 41. Qf3 Qe3 42. Qd5 a6 43. Qc4 f3 44. Ne4 Rb5 45. Rf6 Qe2 46. Qd4 Qe1
47. Rxa6 Rb6 48. Ra1 Qh4 49. Qd5 Qh8+ 50. Nc3 c6 51. Qxf3 Qe5 52. Ra4 Qc7 53.
Rc4 Rd8 54. Na4 Ra6 55. Qc3 Rd5 56. Rb4+ Rb5 57. Re4 Rd5 58. Re8+ Rd8 59. Qb4+
Ka7 60. Re7 Rd7 61. Re4 Qd6 62. Qc3 Qd2 63. Qc5+ Kb8 64. Nb6 Rd8 65. Rb4 Kc7 66.
Qe7+ Rd7 67. Qe5+ Rd6 68. Qe7+ Rd7 69. Qxd7+ Qxd7 70. Nxd7 Kxd7 71. Ra4 Rb6 72.
c4 Kd6 73. Ra7 Rb8 74. Rh7 Rg8 75. Kc3 Kc5 76. Rh5+ Kb6 77. Kb4 Rg4 1/2-1/2

[Event "2nd Washington Int"]
[Site "Rockville USA"]
[Date "2013.08.07"]
[Round "3.11"]
[White "Arias, Mario"]
[Black "Ostrovskiy, Aleksandr A"]
[Result "1/2-1/2"]
[BlackTitle "FM"]
[WhiteElo "2159"]
[BlackElo "2410"]
[WhiteFideId "3800660"]
[BlackFideId "2034239"]
[EventDate "2013.08.06"]

1. d4 d5 2. c4 c6 3. Nc3 dxc4 4. e4 b5 5. a4 b4 6. Nce2 e6 7. Nf3 c5 8. Bf4 Nc6
9. dxc5 Qxd1+ 10. Rxd1 Bxc5 11. Ned4 Nxd4 12. Nxd4 Bd7 13. Bxc4 Bxa4 14. Bb5+
Bxb5 15. Nxb5 Rd8 16. Nc7+ Ke7 17. Bg5+ Nf6 18. e5 Rxd1+ 19. Kxd1 Bxf2 20. exf6+
gxf6 21. Bxf6+ Kxf6 22. Rf1 Rd8+ 23. Kc1 a5 24. Rxf2+ Ke7 25. Rc2 e5 26. Na6 Rd5
27. Rc7+ Ke6 28. Ra7 Rd6 29. Nc5+ Kd5 30. Nb3 Rc6+ 31. Kd2 Rg6 32. g3 Rh6 33. h4
Rg6 34. Rxa5+ Ke4 35. Nc5+ Kd4 36. Nb3+ Ke4 37. Rb5 Rxg3 38. Rxb4+ Kf3 39. Rb5
Rg2+ 40. Kc3 Kf4 41. Nc5 e4 42. Rb7 f5 43. Re7 Rg1 44. b4 Rc1+ 45. Kb2 Rd1 46.
Kc2 Rd5 47. Ne6+ Kf3 48. b5 e3 49. b6 Kf2 50. b7 Rb5 51. Nd4 Rb6 1/2-1/2